Теоретические основы поиска и разведки нефти и газа

Bibliographic Details
Main Author: Ильина Г. Ф. Галина Фёдоровна
Corporate Author: Национальный исследовательский Томский политехнический университет Инженерная школа природных ресурсов Отделение геологии
Summary:Заглавие с экрана
Цель: Приобретение знаний и навыков в области теоретических основ поиска и разведки нефти и газа, изучения основных закономерных связей формирования и размещения различных зон нефтегазонакопления и локальных скоплений нефти и газа в разрезе и пространстве земной коры. Размещать разведочные скважины на различных видах ловушек.
Доступ по логину и паролю
Language:Russian
Published: Томск, TPU Moodle, 2018
Subjects:
Online Access:https://design.lms.tpu.ru/course/view.php?id=2431
Format: MixedMaterials Electronic Book
KOHA link:https://koha.lib.tpu.ru/cgi-bin/koha/opac-detail.pl?biblionumber=665936

MARC

LEADER 00000nlm0a2200000 4500
001 665936
005 20231102030812.0
035 |a (RuTPU)RU\TPU\network\37140 
035 |a RU\TPU\network\37135 
090 |a 665936 
100 |a 20211124d2018 m y0rusy50 ca 
101 0 |a rus 
102 |a RU 
105 |a a j 000zy 
135 |a jrcn ---uucaa 
181 0 |a i  
182 0 |a b 
200 1 |a Теоретические основы поиска и разведки нефти и газа  |b электронный курс  |f Г. Ф. Ильина  |g Национальный исследовательский Томский политехнический университет, Инженерная школа природных ресурсов, Отделение геологии 
203 |a Текст  |c электронный 
210 |a Томск  |c TPU Moodle  |d 2018 
230 |a Электрон. дан. 
300 |a Заглавие с экрана 
330 |a Цель: Приобретение знаний и навыков в области теоретических основ поиска и разведки нефти и газа, изучения основных закономерных связей формирования и размещения различных зон нефтегазонакопления и локальных скоплений нефти и газа в разрезе и пространстве земной коры. Размещать разведочные скважины на различных видах ловушек. 
333 |a Доступ по логину и паролю 
606 1 |a Нефтегазовые месторождения  |x Поиски и разведка  |2 stltpush  |3 (RuTPU)RU\TPU\subj\69452  |9 84303 
610 1 |a электронный ресурс 
610 1 |a труды учёных ТПУ 
610 1 |a электронное обучение 
610 1 |a электронные курсы ТПУ 
610 1 |a электронные учебные пособия 
610 1 |a учебные пособия 
610 1 |a дистанционное образование 
610 1 |a дистанционное обучение 
610 1 |a горючие ископаемые 
610 1 |a нефть 
610 1 |a газ 
610 1 |a геологоразведочные работы 
675 |a 553.98:550.8.003.13(075.8)  |v 3 
700 1 |a Ильина  |b Г. Ф.  |c геолог  |c доцент Томского политехнического университета, кандидат геолого-минералогических наук  |f 1958-  |g Галина Фёдоровна  |2 stltpush  |3 (RuTPU)RU\TPU\pers\26108 
712 0 2 |a Национальный исследовательский Томский политехнический университет  |b Инженерная школа природных ресурсов  |b Отделение геологии  |h 8083  |2 stltpush  |3 (RuTPU)RU\TPU\col\23542 
801 2 |a RU  |b 63413507  |c 20220606  |g RCR 
856 4 |u https://design.lms.tpu.ru/course/view.php?id=2431 
942 |c CF